Polscy medaliści w Tokio - Statystyki

Ogólne statystyki
  • Ten quiz został rozwiązany 88 razy
  • Średni wynik to 16 z 32
Statystyki odpowiedzi
Dyscyplina Konkurencja Zawodnik % Poprawnych
Lekkoatletyka rzut młotem kobiet Anita Włodarczyk
99%
Justyna Święty-Ersetic
92%
Justyna Święty-Ersetic
92%
Lekkoatletyka rzut młotem mężczyzn Paweł Fajdek
91%
Lekkoatletyka rzut młotem mężczyzn Wojciech Nowicki
87%
Lekkoatletyka rzut oszczepem kobiet Maria Andrejczyk
78%
Lekkoatletyka chód na 50 km mężczyzn Dawid Tomala
74%
Lekkoatletyka bieg na 800 m mężczyzn Patryk Dobek
72%
Iga Baumgart-Witan
67%
Iga Baumgart-Witan
67%
Kajetan Duszyński
67%
Natalia Kaczmarek
64%
Lekkoatletyka sztafeta 4 × 400 m kobiet Natalia Kaczmarek
64%
Lekkoatletyka sztafeta mieszana 4x400m Karol Zalewski
62%
Małgorzata Hołub-Kowalik
62%
Małgorzata Hołub-Kowalik
62%
Lekkoatletyka rzut młotem kobiet Malwina Kopron
59%
Anna Kiełbasińska
58%
Karolina Naja
45%
Kajakarstwo K-4 500 m kobiet Karolina Naja
45%
Zapasy styl klasyczny do 97 kg Tadeusz Michalik
38%
Jolanta Ogar-Hill
31%
Dariusz Kowaluk
27%
Kajakarstwo K-2 500 m kobiet Anna Puławska
23%
Anna Puławska
23%
Katarzyna Zillmann
19%
Żeglarstwo 470 Agnieszka Skrzypulec
18%
Wioślarstwo czwórka podwójna kobiet Agnieszka Kobus-Zawojska
13%
Justyna Iskrzycka
9%
Helena Wiśniewska
8%
Maria Sajdak
8%
Marta Wieliczko
8%
Nie znaleziono quizów pasujących do podanych kryteriów
Rozkład punktacji
Procent ludzi z każdym wynikiem
Percentyl według liczby udzielonych odpowiedzi
Twoja historia wyników
Nie rozwiązałeś tego quizu